| 000 | 01033nam a22002417a 4500 | ||
|---|---|---|---|
| 003 | OSt | ||
| 005 | 20250911174520.0 | ||
| 008 | 240207b ||||| |||| 00| 0 eng d | ||
| 040 | _c0 | ||
| 082 | _aDPer 621.381 In821 April 2022 v. 37 n. 4 | ||
| 100 |
_aGao, Shuning. _eauthor. _951713 |
||
| 245 |
_aComparative study of symmetrical controlled grid-connected inverters / _cShuning Gao, Haoran Zhao, Peng Wang, Yonghao Gui, Vladimir Terzija, and Frede Blaabjerg. |
||
| 260 |
_aNew York ; _bThe Institute of Electrical and Electronics Engineers, Inc. , _cApril 2022. |
||
| 300 |
_aVolume 37, pages 3954-3968 : _billustration ; _c28 cm. |
||
| 500 | _aIEEE Transaction on Power Electronics, vol. 37, no. 4, pages 3954-3968, April 2022. | ||
| 700 |
_aGao, Shuning. _eauthor. _951713 |
||
| 700 |
_aZhao, Haoran. _eauthor. _951714 |
||
| 700 |
_aWang, Peng. _eauthor. _951715 |
||
| 700 |
_aGui, Yonghao. _eauthor. _951716 |
||
| 700 |
_aTerzija, Vladimir. _eauthor. _951717 |
||
| 700 |
_aBlaabjerg, Frede. _eauthor. _951718 |
||
| 942 |
_2ddc _cPER |
||
| 999 |
_c18969 _d18969 |
||